000
00218nam a22000857a 4500
008
160716b xxu||||| |||| 00| 0 eng d
100
_9
2967
_a
Bronte, C
245
_a
Jane Eyre
260
_a
New Delhi
_b
Orient Publication
_c
2004
999
_c
2530
_d
2530